000 01181nam a2200313 i 4500
001 000026358
003 DO-SdBNP
005 20260516170247.0
007 ta
008 110315s2000 dr ac 000 0 spa d
040 _aDO-SdBNP
_bspa
_cBNPHU
_erda
041 _aspa
049 _aBNPD
082 4 _a972.9325
_bP438a
_222
100 1 _aPérez y Pérez, Rafael Leonidas,
_919964
_eautor
_4aut.
245 1 0 _aApuntes para la historia de Jimaní :
_bcontribución a su estudio /
_cRafael Leonidas Pérez y Pérez ; presentación, Campos S. De Moya ; prólogo, Julio Genaro Campillo Pérez
250 _aPrimera edición
264 4 _aSanto Domingo :
_bConsejo Nacional de Fronteras,
_c2000
300 _a136 páginas :
_bilustraciones, retratos ;
_c22 cm
336 _2rdacontent
_atexto
_btxt
337 _2rdamedia
_asin mediación
_bn
338 _2rdacarrier
_avolumen
_bnc
490 _aColección Nuestra Frontera ;
590 _aInventariado, 2024/BT
651 _aJímani (República Dominicana)
_xHistoria
_989625
700 _4prol.
_aDe Moya, Campos S.
_eprologuista
_943856
700 _4prol.
_aCampillo Pérez, Julio Genaro
_eprologuista
_913954
942 _2ddc
_cLBS1
999 _c25850
_d25850